| 000 | 00617nam a2200193Ia 4500 | ||
|---|---|---|---|
| 001 | 14889 | ||
| 003 | IVS | ||
| 005 | 20250626030558.0 | ||
| 008 | 211022s9999 xx 000 0 und d | ||
| 040 | _cIVS | ||
| 082 | _a700/ SAR | ||
| 100 | _aSarah Ehtisham | ||
| 245 | 0 | _aWalls of Karachi as the freedom of expression and how this form of graffiti art and artists make impact on the city walls? | |
| 260 | _aKarachi | ||
| 260 | _bIndus Valley School of art & Architecture | ||
| 260 | _c2020 | ||
| 856 | _uhttps://drive.google.com/file/d/1FWUtHvAg53HJQwc0tnjm73vLkX7h-uAn/view?usp=sharing | ||
| 942 |
_cDISS _2ddc _n0 |
||
| 999 |
_c11244 _d11244 |
||